| 000 | 00497cam a22001577a 4500 | ||
|---|---|---|---|
| 008 | 180718b1977 xxu||||| |||| 00| 0 eng d | ||
| 020 | _a0 08 020398 1 | ||
| 082 | _aJ7 F131 | ||
| 100 | _aFagence, Michael | ||
| 245 |
_aCitizen participation in planning _cby Michael Fagence |
||
| 260 |
_aOxford _bPergamon _c1977 |
||
| 300 | _av,379p | ||
| 440 | _aUrban and regional planing series, vol.19 | ||
| 650 | _aRegional planning --Citizen participatio | ||
| 650 | _aCity planning --Citizen participation | ||
| 999 |
_c409400 _d409400 |
||